000 01068cab a2200217 i 4500
001 768714001
003 CO-MdFUSB
005 20230111082115.0
008 180614s1993 gt ||||| |||| 00| 0 spa d
022 _a1014-9341
040 _aCO-MdFUSB
_bspa
_cCO-MdFUSB
_dCO-MdFUSB
041 _aspa
100 1 _aMendieta, David
_eautor
245 0 0 _aFundamentos para una filosofía bíblica del ministerio
_c/ David Mendieta
300 _aNúmero 13 (Julio - Diciembre, 1993), páginas 63-84
_c: 22 cm
520 _aEste artículo es un intento de sistematizar algunos fundamentos bíblicos, antropológicos, teológicos y culturales a fin de establecer una filosofía bíblica del ministerio. Los grandes principios bíblicos proveen la base para el ministerio de los individuos, las familias y las iglesias.
650 0 _91056
_aFilosofía cristiana
773 0 _tKairós
_049489
_961205
_gNúmero 13 (Julio - Diciembre, 1993), páginas 63-84
_qPágina 63
773 0 _tKairós
_049489
_975837
_gNúmero 13 (Julio - Diciembre, 1993), páginas 63-84
_qPágina 63
942 _cANA
999 _c51180
_d51180